000 00662nam a2200241Ia 4500
003 OSt
005 20220927104512.0
006 a|||||r|||| 00| 0
007 ta
008 220926b |||||||| |||| 00| 0 eng d
024 _a154226
037 _cReference Collections
040 _aRTL
_cRTL
_beng
041 _2eng
_aeng
082 _a"X655.63.N6, K7/UN"
110 _aSouth Africa
_9366241
245 0 _aForeign Investment in the Republic of South Africa
260 _c1967
300 _a18p
_ccm.
700 _aSouth Africa
_9366242
942 _h"X655.63.N6, K7/UN"
_cCC
999 _c687784
_d687784